| 000 | 00592nam a2200205 4500 | ||
|---|---|---|---|
| 003 | OSt | ||
| 005 | 20260530115310.0 | ||
| 008 | 260506b |||||||| |||| 00| 0 ger d | ||
| 020 | _a392922741X | ||
| 040 |
_aICI _bspa _cICI |
||
| 050 |
_aNK1390 _b.D47 |
||
| 100 | 1 |
_aZec, Peter _929204 |
|
| 245 | 1 | 0 |
_aDesign Bilanz; _bDesignpreis des Landes Nordhrein Westfalen 1999 _cPeter Zec |
| 264 | 1 |
_bDesign Zentrum Nordrhein Westfalen _c1999 _aAlemania |
|
| 300 | _a75 páginas | ||
| 336 |
_atexto _2rdacontent |
||
| 337 |
_asin medio _2rdamedia |
||
| 338 |
_avolumen _2rdacarrier |
||
| 942 |
_2ddc _cBK _n1 |
||
| 999 |
_c13308 _d13308 |
||